000 00843nam a2200205Ii 4500
003 JO-AjNU
008 230605s9999||||xx |||||||||||||| ||und||
040 _aJO-AjNU
_bara
_erda
_cJO-AjNU
041 _aara
050 1 4 _aBP155.M3788 1988
100 3 _aالمصري، منصور بن يونس البهوتى؛ تحقيق وتعليق نجاشي علي إبراهيم,
_eauthor
_917854
245 0 0 _aالروض المربع في مذهب الإمام أحمد بن حنبل، ج1
250 _aط1
264 3 1 _aمكة المكرمة: مكتبة الطالب الجامعي 1988
300 _aج1، 219ص
336 _atext
_btxt
_2rdacontent
337 _aunmediated
_bn
_2rdamedia
338 _avolume
_bnc
_2rdacarrier
650 4 _aالفقه الحنبلي - ابن حنبل، احمد بن محمد بن حنبل 164-241 هجري
_917855
999 _aA5602
_c9170
_d9170